Karnataka Administrative Reforms Commission, report (Record no. 520264)

000 -LEADER
fixed length control field 00717cam a22001697a 4500
008 - FIXED-LENGTH DATA ELEMENTS--GENERAL INFORMATION
fixed length control field 180718b-- xxu||||| |||| 00| 0 eng d
082 ## - DEWEY DECIMAL CLASSIFICATION NUMBER
Classification number I5135x5444 AR
100 ## - MAIN ENTRY--PERSONAL NAME
Personal name Karnataka Administrative Reforms Commission report
9 (RLIN) 32458
245 ## - TITLE STATEMENT
Title Karnataka Administrative Reforms Commission, report
Statement of responsibility, etc by Administrative Reforms Commission Karnataka
260 ## - PUBLICATION, DISTRIBUTION, ETC. (IMPRINT)
Place of publication, distribution, etc Bangalore
Name of publisher, distributor, etc Administrative Reforms Commission
Date of publication, distribution, etc 2021
300 ## - PHYSICAL DESCRIPTION
Extent 3 parts
500 ## - GENERAL NOTE
General note Contents: First report. 266p.;Second report. 218p; Third report. 219p
650 ## - SUBJECT ADDED ENTRY--TOPICAL TERM
Topical term or geographic name as entry element Administrative reforms - India - Karnataka
9 (RLIN) 32459
700 ## - ADDED ENTRY--PERSONAL NAME
Personal name Karnataka. Administrative Reforms Commission
9 (RLIN) 32460
700 ## - ADDED ENTRY--PERSONAL NAME
Personal name Ramaswamy, Haranahalli (Chairman)
9 (RLIN) 32461
942 ## - ADDED ENTRY ELEMENTS (KOHA)
Source of classification or shelving scheme
Holdings
Withdrawn status Lost status Source of classification or shelving scheme Damaged status Koha normalized classification for sorting Not for loan Permanent location Current location Date acquired Full call number Barcode Date last seen Price effective from Koha item type
        I_5135X5444_AR   Indian Institute of Public Administration Indian Institute of Public Administration 2022-08-26 I5135x5444 AR gg34955 2022-08-26 2022-08-26 GG

Powered by Koha